Ramjanmabhoomi: (Record no. 189606)

MARC details
000 -LEADER
fixed length control field 00792nam a22002297a 4500
005 - DATE AND TIME OF LATEST TRANSACTION
control field 20241008115433.0
010 ## - LCCN (DPL NO)
LC control number B-745278 ENG-141952
020 ## - INTERNATIONAL STANDARD BOOK NUMBER
International Standard Book Number 9789390315536
Terms of availability 350.00
035 ## - SYSTEM CONTROL NUMBER
System control number B-745278
035 ## - SYSTEM CONTROL NUMBER
System control number EN-125484
037 ## - SOURCE OF ACQUISITION
Source of stock number/acquisition DBAD
100 ## - MAIN ENTRY--PERSONAL NAME
Personal name Anand, Arun
245 ## - TITLE STATEMENT
Title Ramjanmabhoomi:
Remainder of title Truth.Evidence.Faith/
Statement of responsibility, etc By Arun Anand [and] Vinay Nalwa
250 ## - EDITION STATEMENT
Edition statement 2020
260 ## - PUBLICATION, DISTRIBUTION, ETC. (IMPRINT)
Place of publication, distribution, etc New Delhi
Name of publisher, distributor, etc Prabhat Prakashan
Date of publication, distribution, etc 2020
270 ## - ADDRESS
Address 4/19 Asaf Ali Road
City New Delhi
Postal code 110002
Electronic mail address prabhatbooks@gmail.com
300 ## - PHYSICAL DESCRIPTION
Extent 167p.
Other physical details ill
Dimensions 22cm(hbk)
500 ## - GENERAL NOTE
General note Contains Annexures and Bibliography
700 ## - ADDED ENTRY--PERSONAL NAME
Personal name Nalwa, Vinay
Relator term Author
9 (RLIN) 72456
942 ## - ADDED ENTRY ELEMENTS (KOHA)
Source of classification or shelving scheme Dewey Decimal Classification
Item type English Books
Edition 2020
Call number suffix ANA
Classification part 230.095413
Holdings
Withdrawn status Lost status Not for loan Collection code Home library Current library Date acquired Source of acquisition Cost, normal purchase price Full call number Barcode Copy number Cost, replacement price Koha item type Public note
    Not For Loan Non-fiction D.B.Act.Division D.B.Act.Division 08/10/2024 Delivery of Books Act Division 350.00 ANA 230.095413 EN-125484 1 350.00 English Books  
      Non-fiction Kadipur Kadipur 08/08/2022 8.8.2022/ Gift 350.00 230.095413 ANA B-745278 1 350.00 English Books Gift

© Delhi Public Library
Hit Counter
free hit counter